La depresión y el factor kinestésico /

Gespeichert in:
Bibliographische Detailangaben
1. Verfasser: Bogaert García, Huberto
Format: Text
Tags: Tag hinzufügen
Keine Tags, Fügen Sie den ersten Tag hinzu!

MARC

LEADER 00000 a a2200000 04500
001 46535
003
040
100 |a Bogaert García, Huberto  
245 |a La depresión y el factor kinestésico /  |c Huberto Bogaert García  
773 |g volumen37, número1 ( , 2012), páginas 77-94 : tablas, gráfico  
999 |c 33265  |d 33265